[Event "Groningen op"]
[Site "Groningen"]
[Date "1999.12.20"]
[Round "2"]
[White "Derieux, Christian"]
[Black "Marcoli, Paolo"]
[Result "1-0"]
[WhiteElo "2285"]
[BlackElo "2192"]
[PlyCount "79"]
[EventDate "1999.12.19"]
[EventType "swiss"]
[EventRounds "11"]
[EventCountry "NED"]
[SourceTitle "CBM 073 Extra"]
[Source "ChessBase"]
[SourceDate "2000.01.11"]
[SourceVersion "1"]
[SourceVersionDate "2000.01.11"]
[SourceQuality "1"]

1. d4 Nf6 2. c4 g6 3. Nc3 Bg7 4. e4 d6 5. Nge2 0-0 6. Ng3 e5 7. d5 Ng4 8. Bd2 f5 9. Be2 Nh6 10. exf5 Nxf5 11. Nxf5 Bxf5 12. Be3 c5 13. Qd2 Na6 14. g4 Bc8 15. Ne4 Nc7 16. 0-0-0 b5 17. h4 bxc4 18. h5 Nb5 19. hxg6 hxg6 20. Bh6 Rf4 21. Bxf4 exf4 22. Qxf4 Rb8 23. Bxc4 Nd4 24. Nxd6 Qc7 25. Rde1 Bxg4 26. Qxg4 Qxd6 27. Re7 Kf8 28. Rd7 Qf6 29. Rxg7 Qxg7 30. Qf4+ Ke7 31. Qxb8 Ne2+ 32. Bxe2 Qd4 33. Qxa7+ Kf6 34. Qb6+ Kf5 35. Qe6+ Kf4 36. Rh4+ Kg5 37. Rxd4 cxd4 38. Qe5+ Kh6 39. a3 g5 40. a4 1-0

[Event "Mendrisio op"]
[Site "Mendrisio"]
[Date "1999.??.??"]
[Round "6"]
[White "Marcoli, Paolo"]
[Black "Paoli, Enrico"]
[Result "1-0"]
[WhiteElo "2159"]
[BlackElo "2005"]
[PlyCount "75"]
[EventDate "1999.??.??"]
[EventType "swiss"]
[EventRounds "7"]
[EventCountry "SUI"]
[SourceTitle "EXT 2000"]
[Source "ChessBase"]
[SourceDate "1999.11.16"]
[SourceVersion "1"]
[SourceVersionDate "1999.11.16"]
[SourceQuality "1"]

1. e4 c5 2. Nf3 Nc6 3. d4 cxd4 4. Nxd4 Nf6 5. Nc3 d6 6. f4 Qb6 7. Nb3 g6 8. Be2 h5 9. Bf3 Ng4 10. Qe2 Bg7 11. Nd5 Qd8 12. c3 e6 13. Ne3 Nf6 14. 0-0 0-0 15. Bd2 Re8 16. Rad1 Qc7 17. Be1 d5 18. exd5 exd5 19. Nxd5 Rxe2 20. Nxc7 Rxe1 21. Rfxe1 Rb8 22. Bxc6 bxc6 23. Rd8+ Kh7 24. Ne8 Nxe8 25. Rexe8 Rxb3 26. axb3 Be6 27. Rxe6 fxe6 28. Ra8 Kh6 29. Rxa7 Bf8 30. Ra6 Bc5+ 31. Kf1 Be3 32. Rxc6 Bxf4 33. g3 Bc1 34. Rxe6 Bxb2 35. c4 Kg7 36. c5 Kf7 37. Re4 Ba3 38. h4 1-0

[Event "Corsico op1"]
[Site "Corsico"]
[Date "1998.??.??"]
[Round "1"]
[White "Aglietti, Graziano"]
[Black "Marcoli, Paolo"]
[Result "0-1"]
[WhiteElo "2060"]
[BlackElo "2145"]
[PlyCount "172"]
[EventDate "1998.??.??"]
[EventType "swiss"]
[EventRounds "6"]
[EventCountry "ITA"]
[SourceTitle "EXT 2002"]
[Source "ChessBase"]
[SourceDate "2001.11.25"]
[SourceVersion "1"]
[SourceVersionDate "2001.11.25"]
[SourceQuality "1"]

1. d4 Nf6 2. Nf3 g6 3. Bg5 Bg7 4. e3 0-0 5. Nbd2 d6 6. Bxf6 Bxf6 7. Bd3 e5 8. c3 Qe7 9. Ne4 Bg7 10. dxe5 dxe5 11. Bc4 Nc6 12. 0-0 h6 13. h3 Na5 14. Be2 Be6 15. Qa4 b6 16. Rfd1 f5 17. Ng3 c5 18. b4 Nb7 19. bxc5 Nxc5 20. Qb4 Rfd8 21. a4 Qf7 22. a5 Nb3 23. Rxd8+ Rxd8 24. Rd1 Rxd1+ 25. Bxd1 Nxa5 26. Qd6 Qd7 27. Qb8+ Kh7 28. Be2 Nc6 29. Qa8 Qc8 30. Qxc8 Bxc8 31. Bc4 Nd8 32. Kf1 Be6 33. Ba6 Bd5 34. Nd2 e4 35. c4 Bb7 36. Bb5 Bc6 37. Ba6 Ne6 38. Bc8 Nc5 39. Ne2 a5 40. Nd4 Bd7 41. Bxd7 Nxd7 42. Ne6 Bc3 43. Ke2 Ne5 44. c5 bxc5 45. Nxc5 Kg7 46. Ndb3 Kf6 47. Na4 Bb4 48. Nd4 Ke7 49. f3 Kd6 50. f4 Nc6 51. Nb3 Ne7 52. g4 Kd5 53. Nd4 Bc5 54. Nb3 Bb4 55. Nd4 fxg4 56. hxg4 Nc6 57. Nb6+ Kd6 58. Nb3 h5 59. gxh5 gxh5 60. Kf1 Ke6 61. Kg2 Kf5 62. Kh3 Be1 63. Nc5 Nb4 64. Nc4 Nd5 65. Nd6+ Kg6 66. f5+ Kf6 67. Ndxe4+ Kxf5 68. Nd6+ Kg5 69. Nc4 Bb4 70. Ne4+ Kf5 71. Ng3+ Kg5 72. Ne4+ Kg6 73. Ng3 a4 74. Ne2 a3 75. Nc1 Kg5 76. Na2 Bc5 77. e4 Nf4+ 78. Kh2 Nd3 79. Nd2 Kg4 80. Nc4 h4 81. e5 Nf4 82. Nd2 Bd4 83. Nc4 Bb2 84. Nb4 Kf5 85. Na2 Nd3 86. Kh3 Kg5 0-1

[Event "Milan Crespi op"]
[Site "Milan"]
[Date "1998.??.??"]
[Round "?"]
[White "Cazzaniga, Walter"]
[Black "Marcoli, Paolo"]
[Result "1/2-1/2"]
[WhiteElo "2175"]
[BlackElo "2145"]
[PlyCount "83"]
[EventDate "1998.12.??"]
[EventType "swiss"]
[EventRounds "7"]
[EventCountry "ITA"]
[SourceTitle "EXT 2002"]
[Source "ChessBase"]
[SourceDate "2001.11.25"]
[SourceVersion "1"]
[SourceVersionDate "2001.11.25"]
[SourceQuality "1"]

1. d4 Nf6 2. c4 g6 3. Nc3 Bg7 4. e4 d6 5. Nf3 0-0 6. Be2 e5 7. Be3 Nc6 8. d5 Ne7 9. Nd2 c5 10. dxc6 bxc6 11. 0-0 c5 12. Nd5 Nfxd5 13. cxd5 f5 14. f3 f4 15. Bf2 g5 16. a3 a5 17. b4 axb4 18. axb4 Rxa1 19. Qxa1 cxb4 20. Qa4 h5 21. Qxb4 Rf6 22. Bb6 Qe8 23. Bb5 Bd7 24. Bxd7 Qxd7 25. Rc1 Bf8 26. Rc7 Qe8 27. Nc4 Qg6 28. Rd7 g4 29. Kh1 h4 30. Qe1 gxf3 31. gxf3 Qh5 32. Qf1 h3 33. Bd8 Rf7 34. Nxd6 Rf6 35. Bxe7 Bxe7 36. Nf5 Ra6 37. Nxe7+ Kf8 38. Rd8+ Kxe7 39. Rg8 Ra1 40. Qxa1 Qxf3+ 41. Kg1 Qe3+ 42. Kh1 1/2-1/2

[Event "Milan Crespi op"]
[Site "Milan"]
[Date "1998.??.??"]
[Round "?"]
[White "Facchetti, Gianni"]
[Black "Marcoli, Paolo"]
[Result "0-1"]
[WhiteElo "2120"]
[BlackElo "2145"]
[PlyCount "112"]
[EventDate "1998.12.??"]
[EventType "swiss"]
[EventRounds "7"]
[EventCountry "ITA"]
[SourceTitle "EXT 2002"]
[Source "ChessBase"]
[SourceDate "2001.11.25"]
[SourceVersion "1"]
[SourceVersionDate "2001.11.25"]
[SourceQuality "1"]

1. e4 g6 2. d3 Bg7 3. Nf3 c6 4. Nbd2 d5 5. Be2 e5 6. h4 h5 7. c4 d4 8. b4 a5 9. bxa5 Qxa5 10. 0-0 Nh6 11. Nb3 Qd8 12. Bg5 Qc7 13. Nh2 Ng8 14. a4 Nd7 15. c5 Bf8 16. Qc2 Ngf6 17. Rfc1 Nh7 18. Bd2 Be7 19. g3 Nhf8 20. Bf1 Ne6 21. Bb4 g5 22. hxg5 Nxg5 23. Qe2 Nf6 24. Nd2 Be6 25. Nc4 Bxc4 26. Rxc4 h4 27. g4 Ne6 28. f3 Nd7 29. Qc2 Bg5 30. Be2 Qd8 31. Bd1 Qf6 32. Be1 Be3+ 33. Kh1 Qe7 34. Bb4 Ng5 35. Ra2 Bf4 36. Rb2 Ra7 37. Qe2 Kf8 38. Bb3 Kg7 39. Rcc2 Qf6 40. Nf1 Bg3 41. Nd2 Nf8 42. Rc1 Ng6 43. Rg1 Nh3 44. Rg2 Ngf4 45. Qf1 Nxg2 46. Qxg2 Nf2+ 47. Kg1 Nxd3 48. Ba3 Nxb2 49. Bxb2 Qe7 50. Nc4 Qg5 51. Qe2 h3 52. Bc1 Bf4 53. Nd6 Bxc1 54. Nf5+ Kf8 55. Qc4 Rh7 56. Kh1 Qd2 0-1

[Event "Corsico op2"]
[Site "Corsico"]
[Date "1998.??.??"]
[Round "6"]
[White "Marcoli, Paolo"]
[Black "Barlo, Werner"]
[Result "0-1"]
[WhiteElo "2145"]
[BlackElo "2180"]
[PlyCount "156"]
[EventDate "1998.??.??"]
[EventType "swiss"]
[EventRounds "6"]
[EventCountry "ITA"]
[SourceTitle "EXT 2002"]
[Source "ChessBase"]
[SourceDate "2001.11.25"]
[SourceVersion "1"]
[SourceVersionDate "2001.11.25"]
[SourceQuality "1"]

1. e4 e5 2. Bc4 Bc5 3. Nf3 Nc6 4. c3 Nf6 5. d3 0-0 6. Nbd2 a6 7. Bb3 Ng4 8. 0-0 d6 9. Nc4 h6 10. h3 Nf6 11. Ne3 Be6 12. Bc2 d5 13. Qe2 Re8 14. g4 Kh7 15. Nf5 Bf8 16. Rd1 g6 17. Ng3 Bg7 18. Kg2 Qe7 19. Be3 Rad8 20. Rh1 Nd7 21. g5 h5 22. Nh4 Nf8 23. Nhf5 Qd7 24. Nxg7 Kxg7 25. Qf1 b5 26. f4 dxe4 27. dxe4 Bc4 28. Qf2 exf4 29. Qxf4 Qd6 30. Qf2 Qe7 31. h4 Bd3 32. Rad1 Bxc2 33. Qxc2 Ne5 34. Rd5 c6 35. Bc5 Qe6 36. Rxe5 Qxe5 37. Bd4 Rxd4 38. cxd4 Qxd4 39. Rf1 Rc8 40. Qe2 Ne6 41. Qf2 Qxf2+ 42. Kxf2 f6 43. gxf6+ Kxf6 44. Ke3+ Ke5 45. Ne2 Rf8 46. Rc1 c5 47. Rg1 Rg8 48. Nf4 Nxf4 49. Rg5+ Kf6 50. Kxf4 Rc8 51. e5+ Kf7 52. Ke4 c4 53. Rg2 c3 54. bxc3 Rxc3 55. Kd5 Rd3+ 56. Kc6 Rh3 57. Kd7 Rd3+ 58. Kc7 Rd4 59. e6+ Ke7 60. Rxg6 Rxh4 61. Rg7+ Kxe6 62. Rg6+ Kd5 63. Rxa6 Ra4 64. Rh6 Rxa2 65. Rxh5+ Kc4 66. Kb6 b4 67. Rh4+ Kc3 68. Rh3+ Kc2 69. Rh2+ Kb3 70. Rh5 Ra8 71. Rh3+ Ka2 72. Rh2+ Ka3 73. Rh1 Rc8 74. Kb5 b3 75. Rh3 Ka2 76. Kb4 Rb8+ 77. Kc3 b2 78. Rh2 Rb3+ 0-1

[Event "Milan Crespi op"]
[Site "Milan"]
[Date "1998.??.??"]
[Round "?"]
[White "Marcoli, Paolo"]
[Black "Bevilacqua, Maurizio"]
[Result "1-0"]
[WhiteElo "2145"]
[BlackElo "2140"]
[PlyCount "91"]
[EventDate "1998.12.??"]
[EventType "swiss"]
[EventRounds "7"]
[EventCountry "ITA"]
[SourceTitle "EXT 2002"]
[Source "ChessBase"]
[SourceDate "2001.11.25"]
[SourceVersion "1"]
[SourceVersionDate "2001.11.25"]
[SourceQuality "1"]

1. e4 c5 2. Nf3 e6 3. d4 cxd4 4. Nxd4 a6 5. Bd3 Nc6 6. Nxc6 bxc6 7. 0-0 d5 8. c4 d4 9. f4 Nf6 10. Nd2 Rb8 11. e5 Nd7 12. Ne4 Nc5 13. Nxc5 Bxc5 14. Qf3 Qc7 15. Kh1 g6 16. Be4 Bd7 17. Rd1 a5 18. b3 Ba7 19. Bd2 c5 20. Be1 Bb6 21. Bg3 Qc8 22. Rf1 Bd8 23. Rae1 Be7 24. Re2 a4 25. Rb1 0-0 26. Reb2 Qa6 27. Be1 f5 28. exf6 Bxf6 29. Qd3 Bg7 30. Bh4 Qd6 31. Bg3 a3 32. Re2 Qe7 33. f5 Qf6 34. Bxb8 gxf5 35. Bd6 fxe4 36. Rxe4 Bc6 37. Bxf8 Bxe4 38. Qxe4 Bxf8 39. Re1 Bg7 40. Qxe6+ Qxe6 41. Rxe6 d3 42. Re1 Bc3 43. Rd1 d2 44. Kg1 Kf7 45. Kf1 Ke6 46. Ke2 1-0

[Event "Corsico op2"]
[Site "Corsico"]
[Date "1998.??.??"]
[Round "2"]
[White "Marcoli, Paolo"]
[Black "Valenti, Giuseppe"]
[Result "1/2-1/2"]
[WhiteElo "2145"]
[BlackElo "2210"]
[PlyCount "79"]
[EventDate "1998.??.??"]
[EventType "swiss"]
[EventRounds "6"]
[EventCountry "ITA"]
[SourceTitle "EXT 2002"]
[Source "ChessBase"]
[SourceDate "2001.11.25"]
[SourceVersion "1"]
[SourceVersionDate "2001.11.25"]
[SourceQuality "1"]

1. e4 c5 2. Nf3 e6 3. d4 cxd4 4. Nxd4 a6 5. Bd3 Nf6 6. 0-0 Qc7 7. c4 Nc6 8. Nxc6 dxc6 9. f4 Bc5+ 10. Kh1 e5 11. f5 h6 12. Qe2 0-0 13. Nd2 a5 14. Nb3 Be7 15. a4 b6 16. Be3 c5 17. Nd2 Bb7 18. Bc2 Rfd8 19. Qf3 Qc6 20. Rae1 Rd7 21. Re2 Rad8 22. g4 Nh7 23. Nb1 Ng5 24. Bxg5 Bxg5 25. Nc3 Rd4 26. b3 Rd2 27. Nd5 Qd6 28. Rxd2 Bxd2 29. Qd3 Bxd5 30. exd5 Bf4 31. h4 Qf6 32. Qh3 Rd6 33. Be4 Kf8 34. Kg2 Rd8 35. Kf3 Kg8 36. Rh1 Kf8 37. Ke2 Ke7 38. Qf3 Kf8 39. Qh3 Ke7 40. Qf3 1/2-1/2

[Event "Corsico op 14th"]
[Site "Corsico"]
[Date "1997.10.12"]
[Round "6"]
[White "Bozzali, Ermanno"]
[Black "Marcoli, Paolo"]
[Result "1-0"]
[WhiteElo "2200"]
[BlackElo "2185"]
[PlyCount "43"]
[EventDate "1997.10.04"]
[EventType "swiss"]
[EventRounds "6"]
[EventCountry "ITA"]
[SourceTitle "EXT 2023"]
[Source "ChessBase"]
[SourceDate "2022.10.05"]
[SourceVersion "1"]
[SourceVersionDate "2022.10.05"]
[SourceQuality "1"]

1. e4 c5 2. Nf3 e6 3. d4 cxd4 4. Nxd4 a6 5. Bd3 Nf6 6. 0-0 d6 7. c4 Qc7 8. Nc3 Be7 9. Qe2 0-0 10. f4 Nbd7 11. Kh1 b6 12. b3 Re8 13. Bb2 Bf8 14. Nf3 g6 15. e5 Nh5 16. Ng5 dxe5 17. fxe5 Nxe5 18. Nb5 axb5 19. Bxe5 Qd8 20. Qxh5 h6 21. Bxg6 Qxg5 22. Bxf7+ 1-0

[Event "Corsico op"]
[Site "Corsico"]
[Date "1997.??.??"]
[Round "3"]
[White "Dallaglio, Giovanni"]
[Black "Marcoli, Paolo"]
[Result "0-1"]
[WhiteElo "2075"]
[BlackElo "2150"]
[PlyCount "80"]
[EventDate "1997.??.??"]
[EventType "swiss"]
[EventRounds "7"]
[EventCountry "ITA"]
[SourceTitle "EXT 1998"]
[Source "ChessBase"]
[SourceDate "1997.11.17"]
[SourceVersion "1"]
[SourceVersionDate "1997.11.17"]
[SourceQuality "1"]

1. d4 Nf6 2. c4 g6 3. Nc3 Bg7 4. e4 d6 5. Nf3 0-0 6. Be2 e5 7. 0-0 Nc6 8. d5 Ne7 9. Ne1 Ne8 10. Be3 f5 11. f3 f4 12. Bf2 g5 13. g4 c5 14. Nd3 Ng6 15. b4 b6 16. bxc5 bxc5 17. Rb1 Rf7 18. a4 Bf6 19. Be1 Nh4 20. h3 h5 21. Bxh4 gxh4 22. Nf2 hxg4 23. hxg4 Rh7 24. Nh3 Qd7 25. Kf2 Bd8 26. Qd3 Rg7 27. Rg1 Ba5 28. Bd1 Nf6 29. Bc2 a6 30. Ke2 Ra7 31. Nd1 Nh5 32. gxh5 Qxh3 33. Nf2 Qh2 34. Rh1 Qg3 35. Rb8 Rac7 36. Qd1 Kh7 37. Qf1 Bc3 38. Rb6 Rcd7 39. Ng4 Rxg4 40. fxg4 Qe3+ 0-1

[Event "Corsico op"]
[Site "Corsico"]
[Date "1997.??.??"]
[Round "4"]
[White "Marcoli, Paolo"]
[Black "Scotti, Umberto"]
[Result "1-0"]
[WhiteElo "2150"]
[BlackElo "2130"]
[PlyCount "105"]
[EventDate "1997.??.??"]
[EventType "swiss"]
[EventRounds "7"]
[EventCountry "ITA"]
[SourceTitle "EXT 1998"]
[Source "ChessBase"]
[SourceDate "1997.11.17"]
[SourceVersion "1"]
[SourceVersionDate "1997.11.17"]
[SourceQuality "1"]

1. e4 e6 2. Nc3 d5 3. Nf3 Nf6 4. e5 Nfd7 5. d4 c5 6. dxc5 Nc6 7. Bf4 Bxc5 8. Bd3 f6 9. exf6 Nxf6 10. 0-0 0-0 11. Ne5 a6 12. Nxc6 bxc6 13. Be5 Qe8 14. Na4 Be7 15. Nb6 Ra7 16. Qe2 a5 17. Rae1 Qh5 18. Nxc8 Rxc8 19. Qe3 Raa8 20. Bg3 Kh8 21. Qxe6 Bc5 22. c3 Qh6 23. Ba6 Rf8 24. Qxc6 Ba7 25. Re6 Qd2 26. Re2 Qg5 27. Bd6 Ng4 28. Bxf8 Rxf8 29. Bd3 Nf6 30. Qd6 Kg8 31. c4 Bb8 32. Qe6+ Kh8 33. Qe7 Rg8 34. cxd5 Qh5 35. d6 h6 36. Rfe1 Qd5 37. Bg6 Bxd6 38. Qf7 Qg5 39. Re6 Qf4 40. g3 Qb4 41. a3 Qd4 42. Bf5 Bc5 43. R1e2 Qd1+ 44. Re1 Qd4 45. R6e2 a4 46. Qg6 Rf8 47. Bb1 Kg8 48. h3 Ba7 49. Qd3 Qb6 50. Qc4+ Kh8 51. Qxa4 Qc7 52. Kh2 Nh5 53. Re8 1-0

[Event "Corsico op"]
[Site "Corsico"]
[Date "1997.??.??"]
[Round "1"]
[White "Marcoli, Paolo"]
[Black "Tencati, Giuseppe"]
[Result "0-1"]
[WhiteElo "2150"]
[BlackElo "2035"]
[PlyCount "78"]
[EventDate "1997.??.??"]
[EventType "swiss"]
[EventRounds "7"]
[EventCountry "ITA"]
[SourceTitle "EXT 2004"]
[Source "ChessBase"]
[SourceDate "2003.11.25"]
[SourceVersion "1"]
[SourceVersionDate "2003.11.25"]
[SourceQuality "1"]

1. e4 e6 2. Nc3 d5 3. Nf3 Nf6 4. e5 Nfd7 5. d4 c5 6. dxc5 Nc6 7. Bf4 a6 8. Bd3 Nxc5 9. 0-0 Be7 10. a3 Nxd3 11. cxd3 Bd7 12. b4 0-0 13. Rc1 Qe8 14. Na4 a5 15. b5 Na7 16. Nb6 Bxa3 17. Nxa8 Qxa8 18. Rc7 Bxb5 19. Ng5 Qb8 20. Rc3 Bb4 21. Rc1 Nc6 22. Nf3 Qa7 23. Be3 Qa6 24. Bc5 Bxc5 25. Rxc5 Bxd3 26. Re1 Bc4 27. Qa1 Ra8 28. Rb1 b5 29. Nd4 Nxd4 30. Qxd4 b4 31. f4 b3 32. Ra1 a4 33. Ra3 Rb8 34. Qb2 Qb6 35. Qf2 Qb4 36. Ra1 b2 37. Rb1 a3 38. Rc7 a2 39. Rxb2 a1Q+ 0-1

[Event "Edoardo Crespi mem 17th"]
[Site "Milan"]
[Date "1996.??.??"]
[Round "4"]
[White "Di Fonzo, Valerio"]
[Black "Marcoli, Paolo"]
[Result "1-0"]
[WhiteElo "2225"]
[BlackElo "2150"]
[PlyCount "151"]
[EventDate "1996.12.15"]
[EventType "swiss"]
[EventRounds "9"]
[EventCountry "ITA"]
[SourceTitle "EXT 1998"]
[Source "ChessBase"]
[SourceDate "1997.11.17"]
[SourceVersion "1"]
[SourceVersionDate "1997.11.17"]
[SourceQuality "1"]

1. e4 c5 2. Nf3 e6 3. d4 cxd4 4. Nxd4 a6 5. Bd3 Nf6 6. 0-0 d6 7. c4 Be7 8. b3 0-0 9. Bb2 Nbd7 10. Nd2 Ne5 11. Bc2 Re8 12. h3 Qc7 13. Kh1 Bf8 14. N4f3 Ng6 15. Rc1 e5 16. Rg1 Qb6 17. Qf1 Nh5 18. g3 h6 19. Nb1 Be6 20. Nc3 Rac8 21. Nd5 Bxd5 22. cxd5 Rc5 23. Bb1 Rec8 24. Rxc5 Rxc5 25. Nd2 Qd8 26. Qe2 Nf6 27. Kh2 Be7 28. Nc4 Ne8 29. Ne3 Bg5 30. Nf5 Ne7 31. Nxe7+ Qxe7 32. h4 Bf6 33. Rc1 Qc7 34. Qd2 Bd8 35. Kg2 Rxc1 36. Qxc1 Qxc1 37. Bxc1 Bb6 38. f4 Bd4 39. Ba3 Kf8 40. Bb4 b6 41. Bd3 a5 42. Bd2 exf4 43. gxf4 Nc7 44. b4 a4 45. b5 Bc5 46. Kf3 f5 47. Bc3 h5 48. Be1 Ke7 49. Bc4 fxe4+ 50. Kxe4 g6 51. f5 Kf6 52. Bc3+ Kf7 53. Bd2 Ne8 54. Bg5 Nf6+ 55. Kf4 Bd4 56. fxg6+ Kxg6 57. Bd3+ Kf7 58. Kf5 Ne8 59. Bf4 Bc5 60. Kg5 Nf6 61. Be2 Ne4+ 62. Kxh5 Kf6 63. Kg4 Nc3 64. Bc4 Nd1 65. Kf3 Nb2 66. Be2 a3 67. h5 Na4 68. h6 Ke7 69. h7 Bd4 70. Ke4 Bh8 71. Kf5 Nc3 72. Bc4 Nd1 73. Kg6 Nf2 74. Bg5+ Kf8 75. Bh6+ Ke7 76. Bg7 1-0

[Event "Edoardo Crespi mem 17th"]
[Site "Milan"]
[Date "1996.??.??"]
[Round "2"]
[White "Marcoli, Paolo"]
[Black "Wohl, Aleksandar H"]
[Result "1/2-1/2"]
[WhiteElo "2150"]
[BlackElo "2400"]
[PlyCount "149"]
[EventDate "1996.12.15"]
[EventType "swiss"]
[EventRounds "9"]
[EventCountry "ITA"]
[SourceTitle "EXT 1998"]
[Source "ChessBase"]
[SourceDate "1997.11.17"]
[SourceVersion "1"]
[SourceVersionDate "1997.11.17"]
[SourceQuality "1"]

1. e4 g6 2. d4 Bg7 3. Nc3 c5 4. d5 d6 5. f4 Nf6 6. Bd3 0-0 7. Nf3 Na6 8. 0-0 Nc7 9. Qe1 e6 10. dxe6 Nxe6 11. f5 Nd4 12. Qh4 Nd7 13. Bg5 Bf6 14. Bxf6 Qxf6 15. Qxf6 Nxf3+ 16. Rxf3 Nxf6 17. fxg6 fxg6 18. Raf1 Kg7 19. Nd5 Nd7 20. Nc7 Rxf3 21. Rxf3 Rb8 22. Ne8+ Kh6 23. Nxd6 b5 24. Nxc8 Rxc8 25. Bxb5 Ne5 26. Rc3 Kg5 27. Bc4 Rb8 28. b3 a5 29. Bd5 Rb4 30. Rxc5 Rd4 31. Bc4 Kf4 32. Bd3 Nxd3 33. cxd3 Rxd3 34. Rxa5 Rd1+ 35. Kf2 Rd2+ 36. Ke1 Rxg2 37. e5 Kf5 38. h4 Rg4 39. h5 gxh5 40. e6+ Kxe6 41. Rxh5 Rg2 42. a4 Rb2 43. Rb5 h5 44. Kd1 Kd6 45. Kc1 Rh2 46. a5 Kc6 47. Rb6+ Kc7 48. Kb1 h4 49. Rb4 h3 50. Rh4 Kc6 51. Rh5 Rg2 52. Rxh3 Kb5 53. Rh5+ Kb4 54. a6 Rg6 55. a7 Ra6 56. Kb2 Rxa7 57. Rh4+ Kb5 58. Rh8 Rb7 59. Rc8 Kb4 60. Rc4+ Kb5 61. Kc3 Rh7 62. Rb4+ Kc5 63. Rg4 Rh3+ 64. Kb2 Kb5 65. Ka3 Rh1 66. Rg5+ Kb6 67. Ka4 Rh4+ 68. b4 Rh6 69. Rb5+ Ka6 70. Rd5 Kb6 71. Rd4 Rg6 72. Rd8 Rh6 73. Rb8+ Ka7 74. Rb5 Ka6 75. Ra5+ 1/2-1/2

[Event "Milan Crespi op 16th"]
[Site "Milan"]
[Date "1995.12.??"]
[Round "1"]
[White "Cappello, Guido"]
[Black "Marcoli, Paolo"]
[Result "1-0"]
[WhiteElo "2235"]
[BlackElo "1945"]
[PlyCount "105"]
[EventDate "1995.12.07"]
[EventType "swiss"]
[EventRounds "7"]
[EventCountry "ITA"]
[SourceTitle "EXT 2023"]
[Source "ChessBase"]
[SourceDate "2022.10.05"]
[SourceVersion "1"]
[SourceVersionDate "2022.10.05"]
[SourceQuality "1"]

1. e4 c5 2. Nf3 e6 3. d4 cxd4 4. Nxd4 a6 5. c4 Nf6 6. Nc3 Qc7 7. f4 d6 8. Be2 Be7 9. 0-0 0-0 10. Kh1 Nc6 11. Be3 Re8 12. Rc1 Bf8 13. Bf3 Bd7 14. Qe1 Rac8 15. Qg3 Kh8 16. Nde2 Ne7 17. b3 Qb8 18. Qf2 Nc6 19. c5 Nb4 20. Rfd1 d5 21. Bd4 dxe4 22. Nxe4 Nxe4 23. Bxe4 Bc6 24. Ng3 Bxe4 25. Nxe4 Nc6 26. Nd6 Bxd6 27. cxd6 Rcd8 28. Bc5 Rd7 29. Rc2 e5 30. fxe5 Nxe5 31. Rcd2 Qd8 32. Qf4 Ng6 33. Qg3 Qf6 34. h3 Kg8 35. Rf2 Qe5 36. Qg4 Qe6 37. Qd4 f6 38. Ba3 Qe5 39. Qc4+ Qe6 40. Re1 Ne5 41. Qc5 Qf7 42. Bb2 Qe6 43. Ba3 Red8 44. Rfe2 Qf7 45. Qd4 h6 46. Rc1 Qg6 47. Re3 Nf7 48. Qd5 Qg5 49. Qxg5 hxg5 50. Re7 Nxd6 51. Rxd7 Rxd7 52. Rd1 Kf7 53. Rxd6 1-0